[Event "Madrid-ch sf-B"]
[Site "Madrid"]
[Date "2009.01.30"]
[Round "6"]
[White "Ferreiro Calvo, Manuel"]
[Black "Collado Barbas, Laura"]
[Result "0-1"]
[WhiteElo "2041"]
[BlackElo "2046"]
[PlyCount "70"]
[EventDate "2009.01.15"]
[EventType "swiss"]
[EventRounds "9"]
[EventCountry "ESP"]
[SourceTitle "CBM 128 Extra"]
[Source "ChessBase"]
[SourceDate "2009.03.05"]
[SourceVersion "2"]
[SourceVersionDate "2009.03.25"]
[SourceQuality "1"]

1. Nf3 d5 2. d4 c6 3. Bf4 Nf6 4. e3 Bg4 5. Nbd2 e6 6. Bd3 Bd6 7. Bxd6 Qxd6 8. h3 Bxf3 9. Nxf3 Nbd7 10. 0-0 0-0 11. c4 dxc4 12. Bxc4 Nb6 13. Bb3 Rfd8 14. Qe2 a5 15. Rac1 a4 16. Bc2 a3 17. b3 Nbd5 18. Bb1 Nb4 19. Ne5 b6 20. Rfd1 c5 21. Nc4 Qb8 22. dxc5 bxc5 23. Rxd8+ Qxd8 24. Rd1 Qc7 25. Qd2 Kf8 26. e4 Ke7 27. e5 Nfd5 28. Bxh7 Nxa2 29. Qxa2 Nc3 30. Qa1 Nxd1 31. Qxd1 a2 32. Qa1 g6 33. Ne3 Qb6 34. Nc2 Qxb3 35. Qd1 Qb1 0-1

[Event "Madrid-ch sf-B"]
[Site "Madrid"]
[Date "2009.01.23"]
[Round "4"]
[White "Ferreiro Calvo, Manuel"]
[Black "Suarez Uriel, Adrian"]
[Result "1-0"]
[WhiteElo "2041"]
[BlackElo "2160"]
[PlyCount "143"]
[EventDate "2009.01.15"]
[EventType "swiss"]
[EventRounds "9"]
[EventCountry "ESP"]
[SourceTitle "CBM 128 Extra"]
[Source "ChessBase"]
[SourceDate "2009.03.05"]
[SourceVersion "2"]
[SourceVersionDate "2009.03.25"]
[SourceQuality "1"]

1. Nf3 d5 2. d4 e6 3. c4 c6 4. e3 f5 5. Bd3 Bd6 6. Nc3 Nh6 7. 0-0 Nd7 8. b3 0-0 9. Bb2 g5 10. Ne2 Qf6 11. Re1 Nf7 12. Qc2 g4 13. Nd2 Ng5 14. Nf1 h5 15. Kh1 h4 16. Nf4 Rf7 17. Rac1 Nf8 18. Qe2 Qh6 19. Rc2 Rh7 20. Rb1 g3 21. h3 Ng6 22. Nxg6 Qxg6 23. f4 Ne4 24. Nd2 Nf2+ 25. Kg1 Bd7 26. Nf3 Be8 27. Qf1 Rd8 28. Bc3 Qf6 29. Rxf2 gxf2+ 30. Qxf2 Rdd7 31. Be1 Rdg7 32. Qb2 Rg6 33. Bf1 Rgg7 34. c5 Bc7 35. b4 Bd8 36. Kh1 Qf8 37. a4 Bf6 38. b5 b6 39. Qa3 Rb7 40. Bb4 Qf7 41. cxb6 axb6 42. Bd6 Qd7 43. Rc1 cxb5 44. Bxb5 Qd8 45. Bb4 Rhc7 46. Rb1 Bxb5 47. axb5 Qe8 48. Be1 Rc2 49. Bxh4 Bxh4 50. Nxh4 Rbc7 51. Qd6 Rb7 52. Nf3 Qe7 53. Qe5 Rc8 54. Ng5 Re8 55. Rc1 Qg7 56. Qd6 Qe7 57. Qe5 Qg7 58. Qd6 Qe7 59. Qc6 Rbb8 60. Qc3 Qd7 61. Qb2 Rec8 62. Rxc8+ Rxc8 63. Kh2 Rc4 64. Qf2 Qe8 65. Qh4 Qg6 66. Nf3 Rc2 67. Qd8+ Kg7 68. Ng5 e5 69. dxe5 Rc3 70. Qxd5 Rxe3 71. Qd7+ Kh6 72. Qc8 1-0

[Event "Madrid-ch sf-B"]
[Site "Madrid"]
[Date "2009.01.17"]
[Round "3"]
[White "Vazquez Gonzalez, Jesus"]
[Black "Ferreiro Calvo, Manuel"]
[Result "1-0"]
[WhiteElo "2044"]
[BlackElo "2041"]
[PlyCount "43"]
[EventDate "2009.01.15"]
[EventType "swiss"]
[EventRounds "9"]
[EventCountry "ESP"]
[SourceTitle "CBM 128 Extra"]
[Source "ChessBase"]
[SourceDate "2009.03.05"]
[SourceVersion "2"]
[SourceVersionDate "2009.03.25"]
[SourceQuality "1"]

1. e4 c5 2. Nf3 e6 3. d4 cxd4 4. Nxd4 Nc6 5. Nc3 Qc7 6. a3 a6 7. Be3 Nf6 8. Be2 Be7 9. 0-0 0-0 10. f4 d6 11. Kh1 Re8 12. Qe1 Na5 13. Rd1 b5 14. Qg3 Bb7 15. Bd3 Nc4 16. Bc1 d5 17. e5 Ne4 18. Qh3 g6 19. Nce2 Nc5 20. f5 Nxe5 21. fxg6 Nxg6 22. Rxf7 1-0

[Event "Villaverde Cerrado Club Villa 3rd"]
[Site "Villaverde"]
[Date "2008.10.14"]
[Round "4.4"]
[White "Vazquez Gonzalez, Jesus"]
[Black "Ferreiro Calvo, Manuel"]
[Result "1-0"]
[WhiteElo "2071"]
[BlackElo "2001"]
[PlyCount "53"]
[EventDate "2008.10.07"]
[EventType "swiss"]
[EventRounds "9"]
[EventCountry "ESP"]
[SourceTitle "EXT 2024"]
[Source "ChessBase"]
[SourceDate "2023.10.10"]
[SourceVersion "1"]
[SourceVersionDate "2023.10.10"]
[SourceQuality "1"]

1. e4 d5 2. exd5 Qxd5 3. Nc3 Qa5 4. d4 Nf6 5. Bc4 Bf5 6. Qe2 e6 7. Bd2 c6 8. Nd5 Qd8 9. Nxf6+ gxf6 10. 0-0-0 Be7 11. g4 Bg6 12. Nf3 Nd7 13. h4 h5 14. g5 Qc7 15. gxf6 Bxf6 16. Rhg1 Bf5 17. Ng5 Nb6 18. Bxe6 fxe6 19. Nxe6 Bxe6 20. Qxe6+ Qe7 21. Qf5 Qf7 22. Rde1+ Be7 23. Rxe7+ Qxe7 24. Re1 Qxe1+ 25. Bxe1 Nd5 26. Qe6+ Ne7 27. Bb4 1-0

[Event "Villaverde Cerrado Club Villa 3rd"]
[Site "Villaverde"]
[Date "2008.10.09"]
[Round "2.3"]
[White "Anton Guijarro, David"]
[Black "Ferreiro Calvo, Manuel"]
[Result "1-0"]
[WhiteElo "2086"]
[BlackElo "2001"]
[PlyCount "163"]
[EventDate "2008.10.07"]
[EventType "swiss"]
[EventRounds "9"]
[EventCountry "ESP"]
[SourceTitle "EXT 2024"]
[Source "ChessBase"]
[SourceDate "2023.10.10"]
[SourceVersion "1"]
[SourceVersionDate "2023.10.10"]
[SourceQuality "1"]

1. d4 f5 2. e4 fxe4 3. Nc3 Nf6 4. Bg5 d5 5. Bxf6 exf6 6. Qh5+ g6 7. Qxd5 Bb4 8. Qxe4+ Kf7 9. Bc4+ Kg7 10. Qf4 Re8+ 11. Nge2 Bxc3+ 12. bxc3 Nd7 13. 0-0 Nb6 14. Bd3 Be6 15. h4 Qd6 16. Qd2 c5 17. Rfe1 Bf7 18. Qf4 Qc6 19. dxc5 Qxc5 20. Qd4 Qc7 21. h5 Re5 22. Qf4 Qe7 23. h6+ Kg8 24. Red1 Bd5 25. Ng3 Rc8 26. Qb4 Qe6 27. a4 a5 28. Qa3 Nd7 29. Bb5 Nb6 30. Bd3 Qc6 31. Re1 Rce8 32. Rxe5 Rxe5 33. Rb1 Nc8 34. Bb5 Qe6 35. Qc1 Nd6 36. Bd3 Qg4 37. Qd2 Qxa4 38. Re1 Rxe1+ 39. Qxe1 Qe8 40. Qa1 Qd8 41. Ne2 Nf7 42. Nf4 Nxh6 43. Qa4 Bf7 44. Bc4 Kh8 45. Bxf7 Nxf7 46. c4 Ne5 47. Nd5 Nc6 48. Qa1 Kg7 49. Qb2 b6 50. Nxb6 Qd1+ 51. Kh2 Ne5 52. Qa3 Ng4+ 53. Kg3 h5 54. Qe7+ Kh6 55. Qf8+ Kg5 56. f4+ Kf5 57. Qc8+ Ke4 58. Qe6+ Ne5 59. fxe5 Qe1+ 60. Kh2 Qh4+ 61. Kg1 Qe1+ 62. Kh2 Qh4+ 63. Qh3 Qf4+ 64. Qg3 Qxe5 65. Qxe5+ Kxe5 66. c5 f5 67. Nc4+ Kd5 68. Nxa5 Kxc5 69. Nb3+ Kc4 70. Nd2+ Kc3 71. Nf3 Kxc2 72. Nh4 g5 73. Nxf5 Kd3 74. Kg3 Ke2 75. Nd4+ Ke3 76. Nf3 g4 77. Nh4 Ke4 78. Kf2 Kf4 79. g3+ Ke4 80. Ng2 Kf5 81. Ke3 Ke5 82. Nh4 1-0

[Event "Politiken Cup 27th"]
[Site "Copenhagen"]
[Date "2005.07.18"]
[Round "4"]
[White "Willumsen, Henrik"]
[Black "Ferreiro Calvo, Manuel"]
[Result "1-0"]
[WhiteElo "2208"]
[BlackElo "2064"]
[PlyCount "54"]
[EventDate "2005.07.16"]
[EventType "swiss"]
[EventRounds "10"]
[EventCountry "DEN"]
[SourceTitle "CBM 107 Extra"]
[Source "ChessBase"]
[SourceDate "2005.09.01"]
[SourceVersion "1"]
[SourceVersionDate "2005.09.01"]
[SourceQuality "1"]

1. e4 c5 2. Nf3 d6 3. d4 cxd4 4. Nxd4 Nf6 5. Nc3 e6 6. f4 a6 7. Qf3 Qc7 8. Be3 Be7 9. Bd3 0-0 10. 0-0 Nc6 11. a3 Rd8 12. Rad1 Bd7 13. g4 Nxd4 14. Bxd4 Bc6 15. Qh3 Nd7 16. Nd5 exd5 17. exd5 Nf8 18. dxc6 Qxc6 19. g5 d5 20. Kh1 Bc5 21. Bxc5 Qxc5 22. f5 Re8 23. Rf3 d4 24. f6 Re3 25. fxg7 Ng6 26. Bxg6 fxg6 27. Rxe3 dxe3 1-0

[Event "Ferrol op 18th"]
[Site "Ferrol"]
[Date "2002.07.20"]
[Round "4"]
[White "Ferreiro Calvo, Manuel"]
[Black "Muniz Pardino, Alberto"]
[Result "1-0"]
[WhiteElo "2171"]
[BlackElo "2076"]
[PlyCount "133"]
[EventDate "2002.07.17"]
[EventType "swiss"]
[EventRounds "9"]
[EventCountry "ESP"]
[SourceTitle "CBM 089 Extra"]
[Source "ChessBase"]
[SourceDate "2002.09.10"]
[SourceVersion "2"]
[SourceVersionDate "2002.09.10"]
[SourceQuality "1"]

1. d4 d5 2. Nf3 c6 3. e3 e6 4. c4 f5 5. Qc2 Nf6 6. g3 Bd6 7. Bg2 0-0 8. 0-0 b6 9. b3 Qe7 10. Bb2 Bb7 11. Nc3 Nbd7 12. Rad1 Rac8 13. Ne2 Rc7 14. Rc1 Rfc8 15. Rfd1 c5 16. Ne5 cxd4 17. exd4 dxc4 18. Bxb7 Rxb7 19. bxc4 Bxe5 20. dxe5 Ng4 21. Nf4 Ngxe5 22. Qe2 Nc6 23. Qxe6+ Qxe6 24. Nxe6 Nf8 25. Nf4 Na5 26. Rd4 Nc6 27. Rd5 g6 28. h4 Nb4 29. Rb5 Nc6 30. c5 Nd8 31. Rd1 Nfe6 32. Nxe6 Nxe6 33. cxb6 Rxb6 34. Rxb6 axb6 35. Rd6 Nc5 36. Rxb6 Na4 37. Rb4 Nxb2 38. Rxb2 Kf7 39. a4 Ra8 40. Rb4 Ke6 41. Kf1 Kd5 42. Ke2 Kc5 43. Rf4 Rd8 44. h5 Rd5 45. hxg6 hxg6 46. g4 Kd6 47. gxf5 gxf5 48. Rb4 Ra5 49. Kf3 Ke6 50. Kf4 Kf6 51. Ke3 Kg5 52. Kd3 Ra8 53. Kc3 f4 54. f3 Kh4 55. Rxf4+ Kg3 56. Rc4 Kxf3 57. Kb4 Ke3 58. a5 Kd3 59. Rh4 Rg8 60. Rh7 Rg1 61. a6 Ra1 62. a7 Kd4 63. Kb5 Kd5 64. Kb6 Kd6 65. Kb7 Rb1+ 66. Kc8 Ra1 67. Kb8 1-0

[Event "Ferrol op 18th"]
[Site "Ferrol"]
[Date "2002.07.19"]
[Round "3"]
[White "Janev, Evgeni"]
[Black "Ferreiro Calvo, Manuel"]
[Result "1-0"]
[WhiteElo "2511"]
[BlackElo "2171"]
[PlyCount "65"]
[EventDate "2002.07.17"]
[EventType "swiss"]
[EventRounds "9"]
[EventCountry "ESP"]
[SourceTitle "CBM 089 Extra"]
[Source "ChessBase"]
[SourceDate "2002.09.10"]
[SourceVersion "2"]
[SourceVersionDate "2002.09.10"]
[SourceQuality "1"]

1. e4 c5 2. Nf3 d6 3. d4 cxd4 4. Nxd4 Nf6 5. Nc3 a6 6. g3 e6 7. Bg2 Be7 8. 0-0 0-0 9. a4 Qc7 10. Be3 Nc6 11. Qe2 Na5 12. Rad1 Rb8 13. g4 Re8 14. g5 Nd7 15. Kh1 b6 16. f4 Bf8 17. Rf3 Bb7 18. Rh3 g6 19. Qf2 Bg7 20. Nde2 f5 21. gxf6 Bxf6 22. f5 exf5 23. exf5 Bxg2+ 24. Qxg2 Ne5 25. Nd5 Qd8 26. Nef4 Nac4 27. Bd4 Bg7 28. Rf1 b5 29. b3 Na5 30. axb5 axb5 31. f6 Bxf6 32. Nxg6 Bg7 33. Nxe5 1-0

[Event "Alcobendas op"]
[Site "Alcobendas"]
[Date "1994.??.??"]
[Round "3"]
[White "Ferreiro Calvo, Manuel"]
[Black "Vera Gonzalez Quevedo, Reynaldo"]
[Result "1/2-1/2"]
[WhiteElo "2225"]
[BlackElo "2485"]
[PlyCount "50"]
[EventDate "1994.11.??"]
[EventType "swiss"]
[EventRounds "9"]
[EventCountry "ESP"]
[SourceTitle "EXT 2000"]
[Source "ChessBase"]
[SourceDate "1999.11.16"]
[SourceVersion "1"]
[SourceVersionDate "1999.11.16"]
[SourceQuality "1"]

1. d4 d5 2. c4 e6 3. Nc3 c6 4. Qb3 Nf6 5. Nf3 dxc4 6. Qxc4 b6 7. Bg5 Be7 8. Qa4 Ba6 9. g3 0-0 10. Rd1 b5 11. Qc2 Qa5 12. a3 Nbd7 13. Bg2 Rac8 14. 0-0 h6 15. b4 Qb6 16. Bd2 Bb7 17. Nb1 Rfd8 18. Rfe1 a5 19. e4 axb4 20. axb4 Qa7 21. Bc3 Ra8 22. Nbd2 Qa4 23. Qb1 Ra7 24. Bf1 Rda8 25. Rc1 Bf8 1/2-1/2

[Event "Andorra op 12th"]
[Site "Andorra"]
[Date "1994.??.??"]
[Round "3"]
[White "Komljenovic, Davorin"]
[Black "Ferreiro Calvo, Manuel"]
[Result "1-0"]
[WhiteElo "2465"]
[BlackElo "2225"]
[PlyCount "75"]
[EventDate "1994.06.??"]
[EventType "swiss"]
[EventRounds "9"]
[EventCountry "AND"]
[SourceTitle "TD"]
[Source "ChessBase"]
[SourceDate "1994.03.01"]
[SourceVersion "1"]
[SourceVersionDate "1994.03.01"]
[SourceQuality "1"]

1. c4 e5 2. Nc3 Nc6 3. g3 d6 4. Bg2 Bd7 5. Nf3 f5 6. 0-0 Nf6 7. d3 Be7 8. Rb1 0-0 9. b4 Qe8 10. b5 Nd8 11. Bg5 Ne6 12. Bxf6 Bxf6 13. Nd5 Bd8 14. e3 g5 15. Nd2 f4 16. a4 Kh8 17. Nb4 Rb8 18. a5 Qg6 19. a6 bxa6 20. Nxa6 Rb6 21. Nb4 g4 22. Be4 Qh5 23. Nd5 Bg5 24. Ra1 fxe3 25. fxe3 Rbb8 26. Rxa7 Rxf1+ 27. Nxf1 Rf8 28. b6 Nc5 29. bxc7 Nxe4 30. dxe4 Qf7 31. Qe2 h5 32. Nd2 Bc8 33. Ra1 Qe6 34. Rf1 Rg8 35. h4 gxh3 36. Qxh5+ Qh6 37. Qxh6+ Bxh6 38. Kh2 1-0

[Event "Alcobendas op"]
[Site "Alcobendas"]
[Date "1994.??.??"]
[Round "2"]
[White "Sanz Losada, Victoriano"]
[Black "Ferreiro Calvo, Manuel"]
[Result "0-1"]
[WhiteElo "2260"]
[BlackElo "2225"]
[PlyCount "108"]
[EventDate "1994.11.??"]
[EventType "swiss"]
[EventRounds "9"]
[EventCountry "ESP"]
[SourceTitle "EXT 2000"]
[Source "ChessBase"]
[SourceDate "1999.11.16"]
[SourceVersion "1"]
[SourceVersionDate "1999.11.16"]
[SourceQuality "1"]

1. e4 d5 2. exd5 Qxd5 3. Nc3 Qa5 4. d4 c6 5. Bc4 Bf5 6. Qf3 e6 7. Bb3 Bd6 8. d5 Nf6 9. dxe6 fxe6 10. Bd2 Qc7 11. h3 Nbd7 12. g4 Bg6 13. Bxe6 Bxc2 14. g5 Ne5 15. Qe2 Qe7 16. gxf6 Qxe6 17. fxg7 Rg8 18. Be3 Qg6 19. Bd4 0-0-0 20. Bxe5 Bxe5 21. Qg4+ Qxg4 22. hxg4 Rxg7 23. Rc1 Bxc3+ 24. bxc3 Re7+ 25. Kf1 Rd2 26. Rh3 Rf7 27. Rf3 Rxf3 28. Nxf3 Bd3+ 29. Kg2 Rxa2 30. Kg3 a5 31. Ne5 Bc2 32. f4 a4 33. f5 Bb3 34. f6 Rd2 35. f7 Rd8 36. c4 a3 37. g5 a2 38. Ra1 Rf8 39. Kf4 Kc7 40. Kf5 Bxc4 41. Kf6 Bxf7 42. Nxf7 Ra8 43. Kg7 b5 44. Kxh7 b4 45. Ne5 b3 46. Nc4 Ra4 47. Nb2 Rh4+ 48. Kg7 Kb6 49. g6 Rh2 50. Nd3 Rd2 51. Ne5 Kb5 52. Kf6 Rd8 53. g7 b2 54. Rxa2 b1Q 0-1